000 01575cam a2200361 a 4500
001 2919464
003 OSt
005 20140310182229.0
008 891005t19861965mauaf 001 1 eng
010 _a 88195987
020 _a039548930X
020 _a0345339738 (pbk.)
040 _aDLC
_cDLC
_dDLC
_dOCoLC
_dDLC
050 0 0 _aPR 6039.O32
_b.T649 1955
082 0 0 _aFIC
_bT55(R) 1973
100 1 _aTolkien, J. R. R.
_q(John Ronald Reuel),
_d1892-1973.
_917941
245 1 4 _aThe return of the king :
_bbeing the third part of The lord of the rings /
_cby J.R.R. Tolkien.
260 _aNew York :
_bBallantines Books,
_cc1955.
300 _a490 p. :
_c18 cm.
490 1 _aThe Lord of the rings / J.R.R. Tolkien ;
_vpt. 3
500 _aIncludes index.
650 0 _aBaggins, Frodo (Fictitious character)
_xFiction.
_917942
650 0 _aMiddle Earth (Imaginary place)
_xFiction.
_917943
655 7 _aFantasy fiction.
_2gsafd
_93053
800 1 _aTolkien, J. R. R.
_q(John Ronald Reuel),
_d1892-1973.
_tLord of the rings (1986) ;
_vpt. 3.
_917944
856 4 1 _3Sample text
_uhttp://www.loc.gov/catdir/samples/hm051/88195987.html
856 4 2 _3Reading group guide
_uhttp://www.houghtonmifflinbooks.com/readers_guides/lotr/king.shtml
_zValid as of Nov. 21, 2002
856 4 2 _3Publisher description
_uhttp://www.loc.gov/catdir/description/hm021/88195987.html
856 4 2 _3Contributor biographical information
_uhttp://www.loc.gov/catdir/enhancements/fy0736/88195987-b.html
906 _a7
_bcbc
_corignew
_d2
_encip
_f19
_gy-gencatlg
942 _2lcc
_cBK-FIC
999 _c10857
_d10857